Tilastot visalle Maailman Valtiot - Aakkosjärjestyksessä (Mukana kartta)

Klikkaa tästä pelataksesi tätä visaa!

Yleistilastot

  • Tätä visaa on pelattu 2 408 kertaa
    (1 575 viimeisimmän päivityksen jälkeen)
  • Keskiarvotulos 108 / 196

Vastaukset kartalla

Vastauksille on annettu kartalla punavihreä väri sen mukaan, kuinka moni on saanut sen oikein.
Ladataan ...
 

Vastaustilastot

Country% Oikein
Afganistan
96%
Alankomaat
89%
Albania
89%
Andorra
88%
Algeria
87%
Angola
84%
Argentiina
83%
Antigua ja Barbuda
81%
Australia
81%
Armenia
79%
Bahama
78%
Belgia
78%
Azerbaidžan
76%
Bahrain
76%
Bolivia
76%
Bangladesh
75%
Barbados
75%
Belize
75%
Benin
74%
Bosnia ja
Hertsegovina
74%
Brasilia
74%
Bhutan
73%
Brunei
73%
Bulgaria
73%
Botswana
72%
Chile
72%
Ecuador
71%
Burundi
70%
Espanja
70%
Burkina Faso
69%
Costa Rica
69%
Dominica
69%
Dominikaaninen
tasavalta
69%
Eritrea
69%
El Salvador
68%
Etelä-Afrikka
68%
Etelä-Korea
68%
Djibouti
67%
Egypti
67%
Etelä-Sudan
67%
Etiopia
67%
Fidži
67%
Gambia
66%
Honduras
66%
Irlanti
66%
Islanti
66%
Filippiinit
65%
Guatemala
65%
Guyana
65%
Haiti
65%
Gabon
64%
Ghana
64%
Grenada
63%
Guinea
63%
Guinea-Bissau
63%
Indonesia
63%
Intia
63%
Irak
63%
Iran
63%
Italia
63%
Japani
62%
Jamaika
61%
Jemen
61%
Kanada
61%
Israel
60%
Itä-Timor
60%
Itävalta
60%
Georgia
59%
Jordania
59%
Kamerun
59%
Kiribati
59%
Kolumbia
59%
Kenia
58%
Kiina
58%
Kongon demokraattinen
tasavalta
58%
Kroatia
58%
Latvia
58%
Kazakstan
57%
Kirgisia
57%
Komorit
57%
Kongon tasavalta
57%
Kreikka
57%
Liettua
57%
Kosovo
56%
Kap Verde
55%
Laos
55%
Liechtenstein
55%
Kambodža
54%
Keski-Afrikan tasavalta
54%
Kuuba
54%
Lesotho
53%
Liberia
53%
Mali
53%
Mauritania
53%
Libya
52%
Luxemburg
52%
Malta
52%
Mauritius
52%
Kuwait
51%
Libanon
51%
Marshallinsaaret
51%
Madagaskar
50%
Malawi
50%
Meksiko
50%
Mikronesia
50%
Nauru
50%
Norja
50%
Malediivit
49%
Malesia
49%
Moldova
49%
Monaco
49%
Mongolia
49%
Montenegro
49%
Namibia
49%
Nicaragua
49%
Niger
49%
Nigeria
49%
Palau
49%
Paraguay
49%
Peru
49%
Ranska
49%
Ruotsi
49%
Saksa
49%
Suomi
49%
Kypros
48%
Marokko
48%
Nepal
48%
Oman
48%
Pakistan
48%
Puola
48%
Romania
48%
Panama
47%
Papua-Uusi-Guinea
47%
Portugali
47%
Ruanda
47%
Samoa
47%
Zimbabwe
47%
Mosambik
46%
Myanmar
46%
Norsunluurannikko
46%
Saint Kitts ja Nevis
46%
Saint Lucia
46%
Saint Vincent ja
Grenadiinit
46%
Salomonsaaret
46%
Sambia
46%
San Marino
46%
Suriname
46%
Pohjois-Korea
45%
Qatar
45%
Slovakia
45%
Slovenia
45%
Senegal
44%
Serbia
44%
Sveitsi
44%
Tanska
44%
Pohjois-Makedonia
43%
Somalia
43%
Sudan
43%
Yhdysvallat
43%
São Tomé ja Príncipe
42%
Swazimaa
42%
Tansania
42%
Päiväntasaajan Guinea
41%
Saudi-Arabia
41%
Tuvalu
41%
Unkari
41%
Uruguay
41%
Vanuatu
41%
Venezuela
41%
Viro
41%
Yhdistynyt
kuningaskunta
41%
Syyria
40%
Ukraina
40%
Vatikaanivaltio
40%
Venäjä
40%
Sierra Leone
39%
Singapore
39%
Togo
39%
Tonga
39%
Turkki
39%
Turkmenistan
39%
Uganda
39%
Uusi-Seelanti
39%
Valko-Venäjä
39%
Vietnam
39%
Seychellit
38%
Sri Lanka
38%
Tadžikistan
38%
Thaimaa
38%
Tšad
38%
Tšekki
38%
Tunisia
38%
Yhdistyneet
arabiemiirikunnat
38%
Taiwan
37%
Trinidad ja Tobago
37%
Uzbekistan
37%

Tulosjakauma

Persentiili vastausten määrän mukaan

Jokaisen tuloksen saaneiden osuus

Tuloshistoriasi

Et ole pelannut tätä visaa sen viimeisimmän päivityksen jälkeen